චක්රවර්ති (Record no. 9244)
[ view plain ]
| 000 -LEADER | |
|---|---|
| fixed length control field | 00543nam a2200169Ia 4500 |
| 008 - FIXED-LENGTH DATA ELEMENTS--GENERAL INFORMATION | |
| fixed length control field | 180921t2021 xxu||||| |||| 00| 1 sin d |
| 041 ## - LANGUAGE CODE | |
| Language code of text/sound track or separate title | Sinhala; Sinhalese |
| 080 ## - UNIVERSAL DECIMAL CLASSIFICATION NUMBER | |
| Universal Decimal Classification number | X8සි31 |
| Item number | හේරත් |
| 942 ## - ADDED ENTRY ELEMENTS (KOHA) | |
| Koha item type | Books |
| 003 - CONTROL NUMBER IDENTIFIER | |
| control field | LK-CoDNM |
| 040 ## - CATALOGING SOURCE | |
| Original cataloging agency | LK-CoDNM |
| Modifying agency | LK-CoDNM |
| Description conventions | LK-CoDNM |
| 100 ## - MAIN ENTRY--PERSONAL NAME | |
| Personal name | හේරත්, චූලාභය ශාන්ත කුමාර |
| 245 ## - TITLE STATEMENT | |
| Title | චක්රවර්ති |
| 246 ## - VARYING FORM OF TITLE | |
| Title proper/short title | Chakrawarthi |
| 260 ## - PUBLICATION, DISTRIBUTION, ETC. (IMPRINT) | |
| Name of publisher, distributor, etc. | ෆාස්ට් පබ්ලිෂින් |
| Place of publication, distribution, etc. | කොළඹ |
| Date of publication, distribution, etc. | 2021 |
| 300 ## - PHYSICAL DESCRIPTION | |
| Extent | පි.476, සෙ.මි.21 |
| Withdrawn status | Lost status | Damaged status | Not for loan | Collection code | Permanent Location | Current Location | Date acquired | Full call number | Barcode | Koha item type |
|---|---|---|---|---|---|---|---|---|---|---|
| Novels | Library National Museum Colombo - Sri Lanka | Library National Museum Colombo - Sri Lanka | 2022-08-31 | X8සි31 හේරත් | 173676 | Books |


